| Tag |
First Indicator |
Second Indicator |
Subfields |
| LEADER |
00000cam a2200000 a 4500 |
| 001 |
in00002782250 |
| 005 |
20150922120620.0 |
| 008 |
100416s2011 nyua b 001 0 eng |
| 010 |
|
|
|a 2010016536
|
| 020 |
|
|
|a 9780765625328 (pbk. : alk. paper)
|
| 020 |
|
|
|a 0765625326 (pbk. : alk. paper)
|
| 035 |
|
|
|a (OCoLC)ocn608036517
|
| 040 |
|
|
|a DLC
|c DLC
|d UtOrBLW
|
| 043 |
|
|
|a n-us---
|
| 049 |
|
|
|a TXAM
|
| 050 |
0 |
0 |
|a H97
|b .B57 2011
|
| 082 |
0 |
0 |
|a 320.6
|2 22
|
| 100 |
1 |
|
|a Birkland, Thomas A.
|
| 245 |
1 |
3 |
|a An introduction to the policy process :
|b theories, concepts, and models of public policy making /
|c Thomas A. Birkland.
|
| 250 |
|
|
|a 3rd ed.
|
| 264 |
|
1 |
|a Armonk, N.Y. :
|b M.E. Sharpe,
|c [2011]
|
| 264 |
|
4 |
|c ©2011
|
| 300 |
|
|
|a xx, 339 pages :
|b illustrations ;
|c 24 cm.
|
| 336 |
|
|
|a text
|b txt
|2 rdacontent
|
| 337 |
|
|
|a unmediated
|b n
|2 rdamedia
|
| 338 |
|
|
|a volume
|b nc
|2 rdacarrier
|
| 504 |
|
|
|a Includes bibliographical references (pages 311-323) and index.
|
| 505 |
0 |
|
|a Introducing the policy process -- Elements of the policy-making system -- The historical and structural contexts of public policy making -- Official actors and their roles in public policy -- Unofficial actors and their roles in public policy -- Agenda setting, power, and interest groups -- Policies and policy types -- Policy design, policy tools, and decisions -- Policy implementation, failure, and learning -- Science and theory in the study of public policy.
|
| 650 |
|
0 |
|a Policy sciences.
|
| 650 |
|
0 |
|a Political planning
|z United States.
|
| 945 |
|
|
|a PromptCat
|b 30979
|
| 946 |
|
|
|a psel,stk
|
| 947 |
|
|
|a A14835997140
|
| 948 |
|
|
|a cataloged
|b h
|c 2012/9/27
|d c
|e dmitchel
|f 10:10:10 am
|
| 994 |
|
|
|a 92
|b TXA
|
| 999 |
|
|
|a MARS
|
| 999 |
f |
f |
|s ba445c7b-f609-3c36-835e-ec153cb9af13
|i 92a90c8b-b264-38af-a932-5f074e4a1a9c
|t 0
|
| 952 |
f |
f |
|p normal
|a Texas A&M University
|b College Station
|c Policy Sciences & Economics Library
|d PSEL: Stacks
|t 0
|e H97 .B57 2011
|h Library of Congress classification
|i unmediated -- volume
|m A14835997140
|
| 998 |
f |
f |
|a H97 .B57 2011
|t 0
|l PSEL: Stacks
|